00697 a2200169 4500020002300000035001300023037001800036082000800054100003400062245006000096246003300156260006500189270014200254300007100396650004500467650001500512 a8189462040c100.00 aB-211900 bD.B.Act / Pub14a8211 aतिवारी, रमा1 aकथा-कहानीcरमा तिवारी aKatha-Kahanibby Rama Tiwari aजयपुरbअपोलो प्रकाशनc2006 a25,सिद्धेश्वर मन्दिर के पीछे,पंचवटी, राजापार्कbजयपुर a92पृb(सचित्र)c22सेमी(सजिल्द) aहिन्दी कविताएँ aHindi poem